00473nam a22001457a 4500020001800000082001600018100001600034245004000050260003400090300000800124650003400132942000700166952013700173999001700310 a9789386906755 a294.555 MUL aMuller, Max aRamakrishna: His Life and Teachings aNew DelhibNiyogi Booksc2019 a199 aHinduism-Ramakrishna Movement cBK 001040708NFICaHMIbHMIcGENd2020-09-15eDasgupta Publishers, Kolkatag350.00l0o294.555 MULp25796r2020-09-25w2020-09-25yBK c23115d23115